The hearing sciences / (Record no. 124313)
[ view plain ]
| 000 -LEADER | |
|---|---|
| fixed length control field | 00810cam a2200277 i 4500 |
| 001 - CONTROL NUMBER | |
| control field | 19819584 |
| 005 - DATE AND TIME OF LATEST TRANSACTION | |
| control field | 20211013100031.0 |
| 008 - FIXED-LENGTH DATA ELEMENTS--GENERAL INFORMATION | |
| fixed length control field | 170720s2019 cau b 001 0 eng |
| 020 ## - INTERNATIONAL STANDARD BOOK NUMBER | |
| International Standard Book Number | 9781944883638 (paperback : alk. paper) |
| 020 ## - INTERNATIONAL STANDARD BOOK NUMBER | |
| International Standard Book Number | 1944883630 (paperback : alk. paper) |
| 040 ## - CATALOGING SOURCE | |
| Transcribing agency | PK-LaUMT |
| 082 00 - DEWEY DECIMAL CLASSIFICATION NUMBER | |
| Classification number | 612.85 |
| Edition number | 23 |
| Item number | HAM-H |
| 100 1# - MAIN ENTRY--PERSONAL NAME | |
| Personal name | Hamill, Teri |
| 245 14 - TITLE STATEMENT | |
| Title | The hearing sciences / |
| Statement of responsibility, etc | by Teri A. Hamill, and Lloyd L. Price |
| 250 ## - EDITION STATEMENT | |
| Edition statement | 3rd ed. |
| 260 ## - PUBLICATION, DISTRIBUTION, ETC. (IMPRINT) | |
| Place of publication, distribution, etc | San Diego : |
| Name of publisher, distributor, etc | Plural Publishing, |
| Date of publication, distribution, etc | 2019 |
| 300 ## - PHYSICAL DESCRIPTION | |
| Extent | xxix, 637 p. ; |
| Dimensions | 28 cm |
| 650 12 - SUBJECT ADDED ENTRY--TOPICAL TERM | |
| Topical term or geographic name as entry element | Hearing |
| General subdivision | physiology |
| 650 12 - SUBJECT ADDED ENTRY--TOPICAL TERM | |
| Topical term or geographic name as entry element | Psychoacoustics |
| 650 22 - SUBJECT ADDED ENTRY--TOPICAL TERM | |
| Topical term or geographic name as entry element | Speech Perception |
| 650 22 - SUBJECT ADDED ENTRY--TOPICAL TERM | |
| Topical term or geographic name as entry element | Ear |
| General subdivision | physiology |
| 650 22 - SUBJECT ADDED ENTRY--TOPICAL TERM | |
| Topical term or geographic name as entry element | Ear |
| General subdivision | anatomy & histology |
| 650 22 - SUBJECT ADDED ENTRY--TOPICAL TERM | |
| Topical term or geographic name as entry element | Hearing Disorders |
| 700 1# - ADDED ENTRY--PERSONAL NAME | |
| Personal name | Price, Lloyd L., |
| 942 ## - ADDED ENTRY ELEMENTS (KOHA) | |
| Koha item type | Books |
| Withdrawn status | Lost status | Damaged status | Home library | Current library | Date acquired | Full call number | Barcode | Date last seen | Price effective from | Koha item type |
|---|---|---|---|---|---|---|---|---|---|---|
| UMT Main Campus | UMT Main Campus | 2021-10-13 | 612.85 HAM-H | 139045 | 2021-10-13 | 2021-10-13 | Books |
